Thermodynamics : An engineering approach

Thermodynamics, An Engineering Approach, eighth edition, covers the basic principles of thermodynamics while presenting a wealth of real-world engineering examples so students get a feel for how thermodynamics is applied in engineering practice. This text helps students develop an intuitive understa...

Volledige beschrijving

Bewaard in:
Bibliografische gegevens
Hoofdauteur: Çengel, Yunus A.
Formaat: Boek
Taal:Undetermined
Gepubliceerd in: New York McGraw-Hill Education 2015
Onderwerpen:
Tags: Voeg label toe
Geen labels, Wees de eerste die dit record labelt!
Thư viện lưu trữ: Trung tâm Học liệu Trường Đại học Cần Thơ
LEADER 01225nam a2200205Ia 4500
001 CTU_231814
008 210402s9999 xx 000 0 und d
082 |a 621.4021 
082 |b C395 
100 |a Çengel, Yunus A. 
245 0 |a Thermodynamics : 
245 3 |b An engineering approach 
245 0 |c Yunus A. Çengel, Michael A. Boles 
260 |a New York 
260 |b McGraw-Hill Education 
260 |c 2015 
520 |a Thermodynamics, An Engineering Approach, eighth edition, covers the basic principles of thermodynamics while presenting a wealth of real-world engineering examples so students get a feel for how thermodynamics is applied in engineering practice. This text helps students develop an intuitive understanding by emphasizing the physics and physical arguments. Cengel and Boles explore the various facets of thermodynamics through careful explanations of concepts and use of numerous practical examples and figures, having students develop necessary skills to bridge the gap between knowledge and the confidence to properly apply their knowledge. 
650 |a Nhiệt động lực học,Thermodynamics 
910 |a Tuyến 
980 |a Trung tâm Học liệu Trường Đại học Cần Thơ